000 00452nam a22001577a 4500
003 macl
005 20180920161736.0
008 180920b xxu||||| |||| 00| 0 eng d
040 _cmacl
100 _aMargaret P Karns, Karen A. Mingst
_972909
245 _aInter National Organizations
_bThe Politics and processes of Global Governance
250 _aThird Ed
260 _aDelhi
_bViva Books
_c2016
650 _aPolitics
_972910
942 _2ddc
_cBK
999 _c58329
_d58329